00588nam a2200205Ia 450000500170000000800410001702000150005808200130007310000180008624500520010425000090015626000460016530000160021165000090022765000180023665000120025494200060026695200950027299900150036720240530040918.0240331s9999 xx 000 0 und d a9555520615 bCOOa340 aCooray, L.J.M 3aAn introductin to the legal system of Sri Lanka a1 st aColombobLake House investments Ltdc1972 ax, 208 p ., aLaws aLegal systems aHistory cL 001040708LaWERCLbWERCLcSSCd2024-03-31l0o 340 COOp1676r2024-03-31w2024-03-31yL c2797d2797